[Event "2. Open Patrimonio de la Humanidad"]
[Site "Alcalá de Henares ESP"]
[Date "2007.10.12"]
[Round "6.2"]
[White "Guliyev, Namig"]
[Black "Kovalyov, Anton"]
[Result "1-0"]
[WhiteElo "2560"]
[BlackElo "2510"]
[PlyCount "83"]
[EventDate "2007.10.07"]
[EventType "swiss"]
[EventRounds "9"]
[EventCountry "ESP"]
[Source "lmi"]
[SourceDate "2007.10.07"]

1. e4 c5 2. Nf3 d6 3. d4 cxd4 4. Nxd4 Nf6 5. Nc3 a6 6. Be3 e5 7. Nf3 Be7 8. Bc4
O-O 9. O-O Nc6 10. Re1 b5 11. Bf1 Rb8 12. Bg5 Ng4 13. Bc1 Be6 14. h3 Nf6 15. a4
b4 16. Nd5 a5 17. Bc4 Bxd5 18. Bxd5 Nxd5 19. Qxd5 Qc7 20. c3 bxc3 21. bxc3 Nd8
22. Be3 Ne6 23. Rab1 Qxc3 24. Rxb8 Rxb8 25. Rc1 Qb4 26. Rc4 Qb1+ 27. Kh2 h5 28.
Qxa5 Qb3 29. Qd5 Kh7 30. h4 Qa3 31. Qc6 Kg6 32. Qd7 Bf6 33. Rc7 Rf8 34. Ra7 Qd3
35. Qc6 Nd4 36. Bxd4 exd4 37. e5 Rc8 38. Qxc8 dxe5 39. Qe8 Qf5 40. Rxf7 Kh6 41.
Rf8 g6 42. Rh8+ 1-0

[Event "2. Open Patrimonio de la Humanidad"]
[Site "Alcalá de Henares ESP"]
[Date "2007.10.12"]
[Round "6.3"]
[White "Abreu Delgado, Aryam"]
[Black "Fedorchuk, Sergey A"]
[Result "1/2-1/2"]
[WhiteElo "2479"]
[BlackElo "2645"]
[PlyCount "55"]
[EventDate "2007.10.07"]
[EventType "swiss"]
[EventRounds "9"]
[EventCountry "ESP"]
[Source "lmi"]
[SourceDate "2007.10.07"]

1. e4 c5 2. Nf3 d6 3. d4 cxd4 4. Nxd4 Nf6 5. Nc3 a6 6. Be3 e6 7. f3 b5 8. Qd2
Nbd7 9. g4 Nb6 10. a4 Nc4 11. Bxc4 bxc4 12. a5 Bb7 13. Na4 Qc7 14. O-O-O Rc8
15. Qc3 Nd7 16. Ne2 e5 17. Nb6 Nxb6 18. Bxb6 Qd7 19. Qe3 Be7 20. Nc3 O-O 21.
Kb1 Qe6 22. Nd5 Bxd5 23. Rxd5 Rc6 24. Rhd1 h6 25. Qc3 Rfc8 26. Ka2 Rb8 27. Kb1
Qc8 28. Ka2 1/2-1/2

[Event "2. Open Patrimonio de la Humanidad"]
[Site "Alcalá de Henares ESP"]
[Date "2007.10.12"]
[Round "6.4"]
[White "Vazquez Igarza, Renier"]
[Black "Iturrizaga, Eduardo"]
[Result "1/2-1/2"]
[WhiteElo "2553"]
[BlackElo "2435"]
[PlyCount "123"]
[EventDate "2007.10.07"]
[EventType "swiss"]
[EventRounds "9"]
[EventCountry "ESP"]
[Source "lmi"]
[SourceDate "2007.10.07"]

1. Nf3 Nf6 2. d4 e6 3. c4 Bb4+ 4. Bd2 a5 5. g3 d6 6. Bg2 Nbd7 7. Nc3 O-O 8. O-O
e5 9. Qc2 Re8 10. e4 exd4 11. Nxd4 Ne5 12. b3 Bc5 13. Nce2 c6 14. h3 b5 15.
cxb5 cxb5 16. Rad1 b4 17. Be3 Ba6 18. Rfe1 Rc8 19. Qb1 Qb6 20. Nf4 Ng6 21. Nf5
Bxe3 22. Rxe3 Nxf4 23. gxf4 Re6 24. Qb2 g6 25. Nh6+ Kf8 26. Rde1 Qc5 27. f5 Re5
28. f4 Nd5 29. Ng4 Nxf4 30. Bf1 Bxf1 31. Kxf1 gxf5 32. Nxe5 dxe5 33. exf5 Qd5
34. Kg1 Rc3 35. Kh2 Qd4 36. Rxc3 bxc3 37. Qc2 Nd5 38. Qe4 Nf4 39. f6 Qf2+ 40.
Kh1 Nd5 41. Qxe5 Qf3+ 42. Kg1 Nxf6 43. Rf1 Qd3 44. Rxf6 c2 45. Qc5+ Ke8 46.
Qc6+ Ke7 47. Rf1 Qg3+ 48. Qg2 Qe3+ 49. Kh2 c1=Q 50. Qb7+ Kd8 51. Qd5+ Kc8 52.
Qa8+ Kd7 53. Rxf7+ Ke6 54. Qe8+ Kd5 55. Qb5+ Kd4 56. Qb6+ Kc3 57. Rc7+ Kb2 58.
Qf6+ Kxa2 59. Rxc1 Qxc1 60. Qf5 Qb2+ 61. Kg3 Qxb3+ 62. Kh4 1/2-1/2

[Event "2. Open Patrimonio de la Humanidad"]
[Site "Alcalá de Henares ESP"]
[Date "2007.10.12"]
[Round "6.5"]
[White "Rizouk, Aimen"]
[Black "Mirzoev, Azer"]
[Result "1/2-1/2"]
[WhiteElo "2470"]
[BlackElo "2545"]
[PlyCount "74"]
[EventDate "2007.10.07"]
[EventType "swiss"]
[EventRounds "9"]
[EventCountry "ESP"]
[Source "lmi"]
[SourceDate "2007.10.07"]

1. e4 e5 2. Bc4 Nf6 3. Nf3 Bc5 4. c3 Nc6 5. d3 a6 6. Bb3 O-O 7. O-O Ba7 8. Re1
d6 9. h3 h6 10. Nbd2 Re8 11. Nf1 Be6 12. Bc2 d5 13. exd5 Bxd5 14. Ng3 Qd6 15.
Nh4 Qd7 16. Nhf5 Bc5 17. Be3 Bf8 18. Qd2 Nh7 19. Rad1 Rad8 20. Qe2 Nf6 21. Bc1
Qc8 22. Ne3 Be6 23. Qf3 Ne7 24. Bb3 Bxb3 25. axb3 Ng6 26. Nef5 Re6 27. d4 c6
28. b4 exd4 29. Nxd4 Rxe1+ 30. Rxe1 Nd5 31. Ndf5 Re8 32. Rxe8 Qxe8 33. Ne3 Ne5
34. Qe4 Nf6 35. Qd4 Nfd7 36. Qe4 Qe7 37. Ngf1 Ng6 1/2-1/2

[Event "2. Open Patrimonio de la Humanidad"]
[Site "Alcalá de Henares ESP"]
[Date "2007.10.12"]
[Round "6.7"]
[White "Krivoshey, Sergei"]
[Black "Valles Moreno, Ivan"]
[Result "1/2-1/2"]
[WhiteElo "2484"]
[BlackElo "2402"]
[PlyCount "123"]
[EventDate "2007.10.07"]
[EventType "swiss"]
[EventRounds "9"]
[EventCountry "ESP"]
[Source "lmi"]
[SourceDate "2007.10.07"]

1. Nf3 f5 2. g3 Nf6 3. Bg2 d6 4. d4 g6 5. O-O Bg7 6. c4 O-O 7. Nc3 Nc6 8. d5
Na5 9. Qa4 b6 10. Nd4 Bd7 11. Qc2 Nxc4 12. Ncb5 a6 13. Qxc4 axb5 14. Nxb5 Ra5
15. Nc3 b5 16. Qb4 Qa8 17. Bd2 Qa7 18. Rfc1 Ra8 19. a3 Ng4 20. Nd1 Ra4 21. Qb3
Bd4 22. e3 Bc5 23. Nc3 Ra6 24. Na2 Bxa3 25. Nb4 Bxb4 26. Rxa6 Qxa6 27. Qxb4 Qb6
28. Qf4 h6 29. Bc3 Ra4 30. Bd4 Qa5 31. h3 Ra1 32. Rf1 g5 33. Qf3 Rxf1+ 34. Bxf1
Nf6 35. Bd3 b4 36. Bxf5 Bxf5 37. Qxf5 Qxd5 38. Qg6+ Kf8 39. Bxf6 exf6 40. Qxf6+
Ke8 41. Qxh6 c5 42. Qg6+ Kf8 43. Qf6+ Kg8 44. e4 Qe5 45. Qd8+ Kf7 46. b3 Qa1+
47. Kg2 Qe5 48. Qd7+ Kg8 49. Qb7 Qd4 50. Qc6 Kg7 51. Qd7+ Kg6 52. Qf5+ Kh6 53.
Qe6+ Kg7 54. h4 gxh4 55. gxh4 Qe5 56. Qg4+ Kh6 57. Qe2 Qf4 58. Kh3 Kg6 59. f3
Kh5 60. Qd3 Qxh4+ 61. Kg2 Qg5+ 62. Kh3 1/2-1/2

[Event "2. Open Patrimonio de la Humanidad"]
[Site "Alcalá de Henares ESP"]
[Date "2007.10.12"]
[Round "6.8"]
[White "Suba, Mihai"]
[Black "Lymar, Irina"]
[Result "1-0"]
[WhiteElo "2502"]
[BlackElo "2264"]
[PlyCount "57"]
[EventDate "2007.10.07"]
[EventType "swiss"]
[EventRounds "9"]
[EventCountry "ESP"]
[Source "lmi"]
[SourceDate "2007.10.07"]

1. c4 Nf6 2. Nc3 g6 3. e4 d6 4. d4 Bg7 5. Be2 O-O 6. Nf3 Nbd7 7. O-O e5 8. Re1
Re8 9. d5 Nc5 10. Bg5 a5 11. Nd2 Bf8 12. b3 Be7 13. Be3 Nfd7 14. a3 Nf8 15. b4
axb4 16. axb4 Rxa1 17. Qxa1 Na6 18. Qa3 c5 19. bxc5 Nxc5 20. Bxc5 dxc5 21. Rb1
f5 22. Bd1 Nd7 23. Ba4 Rf8 24. Bxd7 Qxd7 25. Nf3 fxe4 26. Nxe4 Qg4 27. Re1 b5
28. Nxe5 Qf5 29. Nc6 1-0

[Event "2. Open Patrimonio de la Humanidad"]
[Site "Alcalá de Henares ESP"]
[Date "2007.10.12"]
[Round "6.9"]
[White "Barez Menendez, Hector"]
[Black "Herraiz Hidalgo, Herminio"]
[Result "1/2-1/2"]
[WhiteElo "2169"]
[BlackElo "2484"]
[PlyCount "32"]
[EventDate "2007.10.07"]
[EventType "swiss"]
[EventRounds "9"]
[EventCountry "ESP"]
[Source "lmi"]
[SourceDate "2007.10.07"]

1. d4 f5 2. Nf3 Nf6 3. g3 g6 4. Bg2 Bg7 5. O-O O-O 6. c4 d6 7. Nc3 Qe8 8. d5
Na6 9. Rb1 Nc5 10. b4 Nce4 11. Nxe4 Nxe4 12. Bb2 Bxb2 13. Rxb2 a5 14. b5 e5 15.
dxe6 Bxe6 16. Nd2 d5 1/2-1/2

[Event "2. Open Patrimonio de la Humanidad"]
[Site "Alcalá de Henares ESP"]
[Date "2007.10.12"]
[Round "6.10"]
[White "Barria Zuñiga, Daniel"]
[Black "Sanchez, Nicolas"]
[Result "1-0"]
[WhiteElo "2427"]
[BlackElo "2201"]
[PlyCount "55"]
[EventDate "2007.10.07"]
[EventType "swiss"]
[EventRounds "9"]
[EventCountry "ESP"]
[Source "lmi"]
[SourceDate "2007.10.07"]

1. e4 c5 2. Nf3 d6 3. d4 cxd4 4. Nxd4 Nf6 5. Nc3 a6 6. Be3 e5 7. Nb3 Be6 8. f4
exf4 9. Bxf4 Nc6 10. Qd2 d5 11. O-O-O Bb4 12. Qd3 dxe4 13. Nxe4 Qxd3 14. Nxf6+
Ke7 15. Bxd3 Kxf6 16. a3 Be7 17. Rhf1 g5 18. Bd2+ Kg7 19. Bc3+ f6 20. Rde1 Kf7
21. Nc5 Bd5 22. Nd7 Bxg2 23. Rf2 Bh3 24. Nxf6 Bc5 25. Rf3 Bg2 26. Rf5 Bd4 27.
Nd5+ Kg7 28. Rxg5+ 1-0

[Event "2. Open Patrimonio de la Humanidad"]
[Site "Alcalá de Henares ESP"]
[Date "2007.10.12"]
[Round "6.11"]
[White "Pogorelov, Ruslan"]
[Black "Perez De Aranda, Leonardo Ivan"]
[Result "1-0"]
[WhiteElo "2411"]
[BlackElo "2167"]
[PlyCount "77"]
[EventDate "2007.10.07"]
[EventType "swiss"]
[EventRounds "9"]
[EventCountry "ESP"]
[Source "lmi"]
[SourceDate "2007.10.07"]

1. Nf3 c5 2. c4 b6 3. g3 Bb7 4. Bg2 g6 5. O-O Bg7 6. Nc3 Nf6 7. d4 cxd4 8. Qxd4
O-O 9. Qh4 d6 10. Bh6 Nbd7 11. Rac1 Bxf3 12. Bxf3 Rc8 13. b3 Ne5 14. Bg2 Rc5
15. Bxg7 Kxg7 16. Qd4 Kg8 17. f4 Nc6 18. Qd2 Qc8 19. e3 Rh5 20. Nd5 Nd7 21. Bf3
Rh6 22. Qg2 e6 23. g4 exd5 24. cxd5 g5 25. dxc6 Nc5 26. fxg5 Rg6 27. h4 Qe6 28.
Rc3 Qe5 29. Rfc1 f6 30. c7 fxg5 31. Bb7 Nxb7 32. c8=Q Rxc8 33. Rxc8+ Kg7 34.
Qxb7+ Kh6 35. Qf3 gxh4 36. Qf4+ Qxf4 37. exf4 Rxg4+ 38. Kh2 Rxf4 39. R1c2 1-0

[Event "2. Open Patrimonio de la Humanidad"]
[Site "Alcalá de Henares ESP"]
[Date "2007.10.12"]
[Round "6.13"]
[White "Arribas Lopez, Angel"]
[Black "Caravaca Aguirre, Antonio"]
[Result "1-0"]
[WhiteElo "2312"]
[BlackElo "2102"]
[PlyCount "83"]
[EventDate "2007.10.07"]
[EventType "swiss"]
[EventRounds "9"]
[EventCountry "ESP"]
[Source "lmi"]
[SourceDate "2007.10.07"]

1. e4 c5 2. Nf3 Nc6 3. Bb5 e6 4. b3 Nge7 5. Bb2 a6 6. Bxc6 Nxc6 7. O-O d5 8.
exd5 Qxd5 9. Re1 Be7 10. Na3 O-O 11. Nc4 Qd8 12. a4 b6 13. Nfe5 Bb7 14. Qg4 Nd4
15. Bxd4 cxd4 16. a5 b5 17. Nb6 Bb4 18. Ned7 Qe7 19. Nxf8 Rxf8 20. Qxd4 Qg5 21.
g3 Qf5 22. Qd3 Qh3 23. f3 Bc5+ 24. Kh1 Bd6 25. Rg1 Rd8 26. Raf1 h5 27. Rg2 Bc7
28. Qe2 g5 29. Qe3 f6 30. Kg1 Be5 31. c3 g4 32. Rgf2 gxf3 33. Rxf3 Bxf3 34.
Rxf3 Qg4 35. Kg2 Qg5 36. d4 Bd6 37. Qxe6+ Kg7 38. Qe3 Qg6 39. Qd3 Qxd3 40. Rxd3
b4 41. c4 Bc5 42. dxc5 1-0

[Event "2. Open Patrimonio de la Humanidad"]
[Site "Alcalá de Henares ESP"]
[Date "2007.10.12"]
[Round "6.14"]
[White "Ivanovitch Balsinde, Nicolas M"]
[Black "Rabadan Velasco, Raul"]
[Result "0-1"]
[WhiteElo "2151"]
[BlackElo "2307"]
[PlyCount "72"]
[EventDate "2007.10.07"]
[EventType "swiss"]
[EventRounds "9"]
[EventCountry "ESP"]
[Source "lmi"]
[SourceDate "2007.10.07"]

1. e4 c5 2. Nf3 d6 3. d4 cxd4 4. Nxd4 Nf6 5. Nc3 e6 6. Be3 a6 7. f3 h5 8. Qd2
b5 9. O-O-O Bb7 10. Kb1 Nbd7 11. Bd3 Rc8 12. Rhe1 Ne5 13. g3 Be7 14. h3 Nfd7
15. g4 Nb6 16. b3 Qc7 17. Nce2 Nbc4 18. bxc4 bxc4 19. f4 Nd7 20. Nc1 cxd3 21.
cxd3 Nc5 22. Nce2 Bd8 23. Rc1 Qa5 24. Qxa5 Bxa5 25. Red1 hxg4 26. hxg4 Rh3 27.
Nc2 Rh2 28. Ng1 Na4 29. Bd4 Nc3+ 30. Bxc3 Bxc3 31. Nf3 Rf2 32. Rf1 Bxe4 33.
Rxf2 Rb8+ 34. Nb4 Bxd3+ 35. Rcc2 Bxb4 36. Kc1 Ba3+ 0-1

[Event "2. Open Patrimonio de la Humanidad"]
[Site "Alcalá de Henares ESP"]
[Date "2007.10.12"]
[Round "6.15"]
[White "Valbuena Mota, Alejandro"]
[Black "Serrano Salvador, Eduardo"]
[Result "1/2-1/2"]
[WhiteElo "2129"]
[BlackElo "2376"]
[PlyCount "64"]
[EventDate "2007.10.07"]
[EventType "swiss"]
[EventRounds "9"]
[EventCountry "ESP"]
[Source "lmi"]
[SourceDate "2007.10.07"]

1. d4 d5 2. c4 c6 3. Nf3 Nf6 4. e3 Bf5 5. Nc3 e6 6. Qb3 Qb6 7. Be2 Nbd7 8. O-O
Be7 9. c5 Qc7 10. h3 h6 11. Bd2 b6 12. cxb6 Qxb6 13. Na4 Qxb3 14. axb3 c5 15.
Rfc1 cxd4 16. Nxd4 Bg6 17. Nc6 Bd6 18. Nxa7 Ne4 19. Be1 Rxa7 20. Rc8+ Ke7 21.
Rxh8 Ndc5 22. b4 Rxa4 23. Rxa4 Nxa4 24. Bb5 Nxb2 25. Re8+ Kf6 26. g4 Nc4 27.
Bxc4 dxc4 28. f3 c3 29. fxe4 Bxb4 30. Rc8 Bxe4 31. Bxc3+ Bxc3 32. Rxc3 Kg6
1/2-1/2

[Event "2. Open Patrimonio de la Humanidad"]
[Site "Alcalá de Henares ESP"]
[Date "2007.10.12"]
[Round "6.16"]
[White "Perez Mitjan, Orelvis"]
[Black "Adan Bermudez, Sergio"]
[Result "1-0"]
[WhiteElo "2421"]
[BlackElo "2054"]
[PlyCount "85"]
[EventDate "2007.10.07"]
[EventType "swiss"]
[EventRounds "9"]
[EventCountry "ESP"]
[Source "lmi"]
[SourceDate "2007.10.07"]

1. e4 c5 2. Nf3 Nc6 3. d4 cxd4 4. Nxd4 Nf6 5. Nc3 e5 6. Ndb5 h6 7. Be3 d6 8.
Nd5 Nxd5 9. exd5 Nb8 10. a4 Be7 11. a5 O-O 12. Bxa7 Nd7 13. Be2 b6 14. axb6
Nxb6 15. O-O Bd7 16. Ra6 Nc8 17. Qa1 Bxb5 18. Bxb5 Qc7 19. Be3 Rxa6 20. Qxa6
Bg5 21. Bc6 Bxe3 22. fxe3 Ne7 23. b4 Rb8 24. b5 Nc8 25. Be8 f6 26. Qc6 Qa7 27.
Bd7 Qxe3+ 28. Kh1 Qc5 29. Ra1 Nb6 30. Be6+ Kh7 31. Qxc5 dxc5 32. d6 Rd8 33. d7
Kg6 34. Kg1 Na8 35. Ra7 f5 36. Bd5 Nb6 37. Ra6 Rxd7 38. Rxb6+ Kg5 39. c4 Kf4
40. Rb7 Rd8 41. b6 Rd6 42. Rb8 e4 43. Kf2 1-0

[Event "2. Open Patrimonio de la Humanidad"]
[Site "Alcalá de Henares ESP"]
[Date "2007.10.12"]
[Round "6.17"]
[White "Serafimov, Tervel"]
[Black "Paniagua Tineo, Arturo"]
[Result "0-1"]
[WhiteElo "2379"]
[BlackElo "2049"]
[PlyCount "78"]
[EventDate "2007.10.07"]
[EventType "swiss"]
[EventRounds "9"]
[EventCountry "ESP"]
[Source "lmi"]
[SourceDate "2007.10.07"]

1. g3 d5 2. Bg2 Nf6 3. f4 c5 4. Nf3 Nc6 5. O-O g6 6. d3 Bg7 7. c3 O-O 8. Na3
Rb8 9. Ne5 Ne8 10. Nxc6 bxc6 11. e4 Ba6 12. Re1 e6 13. e5 Qb6 14. Rb1 Nc7 15.
Nc2 Rfd8 16. g4 Nb5 17. Bd2 Nc7 18. Bf1 Bxd3 19. Bxd3 c4+ 20. Be3 d4 21. Nxd4
cxd3 22. Nxe6 Qb7 23. Nxd8 Rxd8 24. Qf3 Qb5 25. b4 Qc4 26. Bd4 Nb5 27. Rbd1
Nxd4 28. Qxd3 Qxd3 29. Rxd3 Ne2+ 30. Rxe2 Rxd3 31. f5 gxf5 32. gxf5 Bh6 33. c4
Rd4 34. Kf2 Rd2 35. b5 Rxe2+ 36. Kxe2 cxb5 37. cxb5 Bf4 38. e6 fxe6 39. fxe6
Bxh2 0-1

[Event "2. Open Patrimonio de la Humanidad"]
[Site "Alcalá de Henares ESP"]
[Date "2007.10.12"]
[Round "6.18"]
[White "Mansilla Tolosa, Luis E"]
[Black "Madina Yadarola, Martin"]
[Result "0-1"]
[WhiteElo "2068"]
[BlackElo "2344"]
[PlyCount "32"]
[EventDate "2007.10.07"]
[EventType "swiss"]
[EventRounds "9"]
[EventCountry "ESP"]
[Source "lmi"]
[SourceDate "2007.10.07"]

1. d4 Nf6 2. c4 c5 3. Nf3 cxd4 4. Nxd4 e5 5. Nb5 d5 6. cxd5 Bc5 7. e3 a6 8.
N5c3 O-O 9. Be2 e4 10. Nd2 Qe7 11. Nb3 Bd6 12. Nd4 h6 13. h3 Nbd7 14. Qc2 Nb6
15. Qb3 Qd8 16. a4 Be5 0-1

[Event "2. Open Patrimonio de la Humanidad"]
[Site "Alcalá de Henares ESP"]
[Date "2007.10.12"]
[Round "6.19"]
[White "Rubio Mejia, Luis Ignacio"]
[Black "Wehmeier, Manuel"]
[Result "1/2-1/2"]
[WhiteElo "2327"]
[BlackElo "2013"]
[PlyCount "78"]
[EventDate "2007.10.07"]
[EventType "swiss"]
[EventRounds "9"]
[EventCountry "ESP"]
[Source "lmi"]
[SourceDate "2007.10.07"]

1. d4 d5 2. c4 e6 3. Nc3 c5 4. e3 Nc6 5. Nf3 Nf6 6. a3 a6 7. Bd3 Bd6 8. O-O O-O
9. Qe2 Re8 10. Rd1 cxd4 11. Nxd4 Nxd4 12. exd4 e5 13. Nxd5 Nxd5 14. cxd5 exd4
15. Qf3 Qh4 16. h3 g5 17. Qf6 Be7 18. Qe5 f6 19. Qc7 Bd8 20. Qd6 Be7 21. Qb6
Bd8 22. Qb4 Bxh3 23. gxh3 Qxh3 24. Qxd4 Bb6 25. Bf1 Qf5 26. Qxb6 Qg4+ 27. Kh2
Qxd1 28. Bh3 Re1 29. Bxg5 Rh1+ 30. Kg3 Rxh3+ 31. Kxh3 Qf3+ 32. Kh2 Qh5+ 33. Kg2
Qxg5+ 34. Kh2 Qh4+ 35. Kg2 Re8 36. Rg1 Kh8 37. Kf1 Qc4+ 38. Kg2 Rg8+ 39. Kh3
Rxg1 1/2-1/2

[Event "2. Open Patrimonio de la Humanidad"]
[Site "Alcalá de Henares ESP"]
[Date "2007.10.12"]
[Round "6.20"]
[White "Sanchez-Alarcos Galian, Victor"]
[Black "Sanchez Rojo, Gustavo"]
[Result "0-1"]
[WhiteElo "2020"]
[BlackElo "2257"]
[PlyCount "92"]
[EventDate "2007.10.07"]
[EventType "swiss"]
[EventRounds "9"]
[EventCountry "ESP"]
[Source "lmi"]
[SourceDate "2007.10.07"]

1. e4 c5 2. Nf3 Nc6 3. Bb5 e6 4. Bxc6 bxc6 5. d3 Ne7 6. Qe2 Ng6 7. Ng5 Be7 8.
Nh3 O-O 9. f4 f5 10. O-O Qc7 11. e5 c4 12. dxc4 c5 13. Nd2 Bb7 14. Nf3 Nh4 15.
Nxh4 Bxh4 16. Nf2 Kh8 17. Nh3 h6 18. Bd2 g6 19. Rad1 Rf7 20. Be1 Be7 21. Bg3
Rg8 22. Rd2 g5 23. Qh5 Rh7 24. Rfd1 Qc6 25. Kf1 Bd8 26. Qe2 g4 27. Ng1 h5 28.
Rd6 Qc8 29. Be1 h4 30. Bc3 h3 31. g3 Re8 32. Qd2 Bc6 33. Qf2 Be7 34. R6d2 Bf8
35. b3 Bb7 36. a4 Qc6 37. Bb2 Qh1 38. Rxd7 Bg2+ 39. Ke2 Qxh2 40. Rxh7+ Kxh7 41.
Ke3 Qh1 42. Re1 Bc6 43. Ne2 Qf3+ 44. Qxf3 Bxf3 45. Ng1 Bg2 46. Kf2 Be4 0-1

[Event "2. Open Patrimonio de la Humanidad"]
[Site "Alcalá de Henares ESP"]
[Date "2007.10.12"]
[Round "6.21"]
[White "Rodriguez Lopez, Ruben"]
[Black "Rivas Vila, David"]
[Result "0-1"]
[WhiteElo "2012"]
[BlackElo "2241"]
[PlyCount "56"]
[EventDate "2007.10.07"]
[EventType "swiss"]
[EventRounds "9"]
[EventCountry "ESP"]
[Source "lmi"]
[SourceDate "2007.10.07"]

1. g4 d5 2. Bg2 c6 3. c4 dxc4 4. g5 e5 5. h4 h6 6. g6 fxg6 7. Nf3 Bd6 8. Qc2
Bf5 9. Qxc4 Qe7 10. e4 Be6 11. Qc2 Nf6 12. d4 exd4 13. Nxd4 O-O 14. Nc3 Bc4 15.
Be3 Ng4 16. Nd1 Nxe3 17. Nxe3 Bb4+ 18. Kd1 Ba6 19. Kc1 Kh8 20. h5 c5 21. Nf3
Nc6 22. Rg1 Nd4 23. Nxd4 cxd4 24. Nd5 Qh4 25. Nxb4 Rac8 26. Nxa6 bxa6 27. Qxc8
Rxc8+ 28. Kd2 Qxf2+ 0-1

[Event "2. Open Patrimonio de la Humanidad"]
[Site "Alcalá de Henares ESP"]
[Date "2007.10.12"]
[Round "6.22"]
[White "Sanchez Gonzalez, Sergio"]
[Black "Laurentiu, Burlacu"]
[Result "1/2-1/2"]
[WhiteElo "2177"]
[BlackElo "2009"]
[PlyCount "120"]
[EventDate "2007.10.07"]
[EventType "swiss"]
[EventRounds "9"]
[EventCountry "ESP"]
[Source "lmi"]
[SourceDate "2007.10.07"]

1. c4 e5 2. Nc3 Nc6 3. g3 Bc5 4. Bg2 f5 5. e3 Nf6 6. d3 O-O 7. Nge2 d6 8. O-O
Ne7 9. a3 a5 10. d4 Ba7 11. b4 c6 12. Bb2 e4 13. d5 Ng6 14. dxc6 bxc6 15. Na2
Ne5 16. Bxe5 dxe5 17. Qc2 Be6 18. Qc3 Qc7 19. bxa5 c5 20. Nac1 Rfd8 21. Nb3 Rd3
22. Qc2 Rad8 23. Rfc1 Qf7 24. Rab1 Ng4 25. h3 Nf6 26. Bf1 g5 27. Kh1 f4 28.
exf4 exf4 29. Ng1 fxg3 30. fxg3 Rxg3 31. Rd1 Rxd1 32. Rxd1 Nh5 33. Nc1 Rxa3 34.
Rd8+ Kg7 35. Qb2+ Qf6 36. Qxa3 Qxd8 37. Qe3 h6 38. Nce2 Qd3 39. Qf2 Bxc4 40.
Qh2 Nf6 41. Ng3 Qd5 42. Bxc4 Qxc4 43. Nf5+ Kg6 44. Ne7+ Kf7 45. Qc7 Bb8 46.
Qxb8 Kxe7 47. Qb7+ Nd7 48. a6 Qb4 49. Qc6 e3 50. a7 Nb6 51. Qb7+ Kd6 52. Qb8+
Ke6 53. Qe8+ Kf5 54. Qf7+ Ke4 55. Qg6+ Kd5 56. Qf7+ Kc6 57. Qf3+ Kc7 58. Qf7+
Kd6 59. Qf6+ Kc7 60. Qg7+ Kc8 1/2-1/2

[Event "2. Open Patrimonio de la Humanidad"]
[Site "Alcalá de Henares ESP"]
[Date "2007.10.12"]
[Round "6.23"]
[White "Camarero Izquierdo, Juan Carlos"]
[Black "Ruano Marco, Javier"]
[Result "0-1"]
[WhiteElo "2008"]
[BlackElo "2177"]
[PlyCount "60"]
[EventDate "2007.10.07"]
[EventType "swiss"]
[EventRounds "9"]
[EventCountry "ESP"]
[Source "lmi"]
[SourceDate "2007.10.07"]

1. e4 c5 2. Nf3 Nc6 3. d4 cxd4 4. Nxd4 Nf6 5. Nc3 e5 6. Ndb5 d6 7. Nd5 Nxd5 8.
exd5 Nb8 9. Be3 Be7 10. Qd2 a6 11. Nc3 O-O 12. f4 exf4 13. Bxf4 Bh4+ 14. g3
Re8+ 15. Be2 Bf6 16. O-O-O Qa5 17. Bc4 Bf5 18. Bxd6 b5 19. Bb3 Qb6 20. Rhe1 Nd7
21. Qf4 Bg6 22. a4 Rec8 23. Ne4 Bxb2+ 24. Kxb2 bxa4 25. Ba3 Rab8 26. Re3 axb3
27. c4 Rxc4 28. Rc1 Qd4+ 29. Rcc3 Bxe4 30. Qf2 Rxc3 0-1

[Event "2. Open Patrimonio de la Humanidad"]
[Site "Alcalá de Henares ESP"]
[Date "2007.10.12"]
[Round "6.24"]
[White "Tejedor Ariza, Francisco"]
[Black "Serafimov, Dimitar"]
[Result "0-1"]
[WhiteElo "1987"]
[BlackElo "2168"]
[PlyCount "73"]
[EventDate "2007.10.07"]
[EventType "swiss"]
[EventRounds "9"]
[EventCountry "ESP"]
[Source "lmi"]
[SourceDate "2007.10.07"]

1. e4 c6 2. d4 d5 3. exd5 cxd5 4. Bd3 Nc6 5. c3 Nf6 6. h3 g6 7. Nf3 Bg7 8. Nbd2
O-O 9. O-O Bf5 10. Qe2 Bxd3 11. Qxd3 Qc7 12. Re1 Rad8 13. b4 Rfe8 14. b5 Na5
15. Ne5 Rc8 16. Ba3 e6 17. Bb4 Nh5 18. g3 Bxe5 19. dxe5 Nc4 20. Nxc4 Qxc4 21.
Qxc4 Rxc4 22. Rad1 Rec8 23. Kg2 Ng7 24. Rd3 Ne8 25. f3 Nc7 26. a4 a5 27. Bxa5
Rxa4 28. Bxc7 Rxc7 29. f4 Ra3 30. Ree3 Rb3 31. g4 Rxb5 32. f5 Rbc5 33. f6 h6
34. Kf3 Rc4 35. Ke2 Kh7 36. Kd2 b5 37. Rd4 0-1

[Event "2. Open Patrimonio de la Humanidad"]
[Site "Alcalá de Henares ESP"]
[Date "2007.10.12"]
[Round "6.25"]
[White "Arauz Alonso, Fernando"]
[Black "Gago Padreny, Ignacio"]
[Result "0-1"]
[WhiteElo "1965"]
[BlackElo "2157"]
[PlyCount "100"]
[EventDate "2007.10.07"]
[EventType "swiss"]
[EventRounds "9"]
[EventCountry "ESP"]
[Source "lmi"]
[SourceDate "2007.10.07"]

1. Nf3 Nf6 2. d4 e6 3. e3 b6 4. b3 Bb7 5. Bd3 c5 6. O-O Be7 7. Bb2 O-O 8. Nbd2
d6 9. Qe2 Nbd7 10. c4 a6 11. Rad1 Qc7 12. Bc2 b5 13. Ng5 bxc4 14. Nxc4 h6 15.
dxc5 d5 16. Nb6 hxg5 17. Nxa8 Bxa8 18. f4 g4 19. b4 a5 20. a3 Rb8 21. Rd4 g6
22. h3 gxh3 23. gxh3 Bf8 24. Kh1 Bg7 25. Rg1 e5 26. fxe5 Nxe5 27. Qh2 Rc8 28.
b5 Nf3 29. Qxc7 Rxc7 30. Rf1 Nxd4 31. Bxd4 Ne4 32. b6 Rc8 33. Rb1 Nxc5 34. Bd1
Ne4 35. b7 Bxb7 36. Bg4 Nf2+ 37. Kg2 Nxg4 38. hxg4 Bxd4 39. exd4 Ba6 40. Rb6
Be2 41. g5 Rc3 42. a4 Ra3 43. Rd6 Bc4 44. Rd7 Rxa4 45. Kf3 Ra1 46. Kf4 Kg7 47.
Ke3 a4 48. Kd2 a3 49. Kc2 a2 50. Ra7 Rb1 0-1

[Event "2. Open Patrimonio de la Humanidad"]
[Site "Alcalá de Henares ESP"]
[Date "2007.10.12"]
[Round "6.26"]
[White "Montero Garcia, Francisco Javier"]
[Black "Ramos Aldoradin, John Paul"]
[Result "0-1"]
[WhiteElo "1935"]
[BlackElo "2129"]
[PlyCount "78"]
[EventDate "2007.10.07"]
[EventType "swiss"]
[EventRounds "9"]
[EventCountry "ESP"]
[Source "lmi"]
[SourceDate "2007.10.07"]

1. e4 c5 2. Nf3 Nc6 3. d4 cxd4 4. Nxd4 e5 5. Nb5 a6 6. Nd6+ Bxd6 7. Qxd6 Qf6 8.
Qxf6 Nxf6 9. Nc3 Nb4 10. Kd2 d5 11. exd5 Nbxd5 12. Nxd5 Nxd5 13. Bc4 Be6 14.
Rd1 O-O-O 15. Bxd5 Bxd5 16. Ke2 Bxg2 17. Rg1 Be4 18. Rxg7 Bg6 19. Bg5 Rd6 20.
f3 Kd7 21. Rd1 Rxd1 22. Kxd1 Ke6 23. c3 b5 24. Ke2 Kf5 25. Bh4 e4 26. fxe4+
Kxe4 27. Bg3 Re8 28. Kd2 a5 29. a4 bxa4 30. Bc7 Ra8 31. h4 h5 32. Ke2 Kd5 33.
Kd2 Kc4 34. Be5 Kb3 35. Bc7 Kxb2 36. c4 Kb1 37. Bxa5 a3 38. Kc3 a2 39. Kb3 a1=Q
0-1